000 00545cam a22001815a 4500
001 E142293
008 080201s1875 xxk eng u
035 _a(Sirsi) u142293
041 0 _aeng
245 0 1 _a[Contract and schedules relating to the construction of the Royal Infirmary, Edinburgh]
_h[manuscript]
260 _c[1875]
300 _a1v.
_c36cm.
340 _aManuscript
351 _cSingle item
651 4 _aEdinburgh
690 _aPROPERTY-OTHER PROPERTY TYPES-HEALTHCARE AND WELFARE PROPERTY-HOSPITAL PROPERTY
942 _n0
999 _c116786
_d116786